| 000 | 01191nam a22002177a 4500 | ||
|---|---|---|---|
| 001 | 8755 | ||
| 003 | FISKH | ||
| 005 | 20251017093739.0 | ||
| 008 | 251017b cb ||||| |||| 00| 0 eng d | ||
| 020 | _a9780099548850 | ||
| 040 |
_aFISKH _bGER _cFISKH _dFISKH |
||
| 082 | _a813.54 | ||
| 100 | _aVonnegut, Kurt | ||
| 245 |
_aLook at the birdie / _cKurt Vonnegut |
||
| 260 |
_aLondon : _bVintage Books, _c2009. |
||
| 300 |
_a251 pages : _bcolor illustrations ; _c21 cm |
||
| 520 | _aLook at the Birdie is a posthumously published collection of fourteen previously unpublished short stories written by Kurt Vonnegut early in his career. The stories reflect Vonnegut’s sharp wit, dark humor, and moral imagination, often focusing on the absurdities of human behavior, the dangers of technology, and the search for meaning in a chaotic world. Each story captures Vonnegut’s signature blend of satire and compassion, revealing glimpses of the themes and style that would later define his famous novels like Slaughterhouse-Five and Cat’s Cradle. Stories include: | ||
| 650 |
_aAmerican fiction _v Short stories _xSatire _yPosthumous works |
||
| 942 |
_2ddc _cBK _n0 |
||
| 999 |
_c8755 _d8755 |
||